书目信息 |
| 题名: |
康德
|
|
| 作者: | 程志民 | |
| 分册: | ||
| 出版信息: | 长沙 湖南教育出版社 1999 |
|
| 页数: | 322页 | |
| 开本: | 20cm | |
| 丛书名: | ||
| 单 册: | ||
| 中图分类: | B506 | |
| 科图分类: | ||
| 主题词: | 哲学--欧洲 | |
| 电子资源: | ||
| ISBN: | 7-5355-2990-9 | |
| 000 | 00477nam0 2200181 450 | |
| 001 | 0728815141 | |
| 005 | 20070819080015.14 | |
| 010 | @a7-5355-2990-9@d¥16.00 | |
| 100 | @a20070819d km y0chiy0120 ea | |
| 101 | 0 | @achi |
| 200 | 1 | @a康德@Akang de@f程志民@Fcheng zhi min |
| 210 | @a长沙@c湖南教育出版社@d1999 | |
| 215 | @a322页@d20cm | |
| 606 | 0 | @a哲学@x欧洲 |
| 690 | @aB506@v3 | |
| 701 | 0 | @a程志民@Acheng zhi min |
| 801 | 0 | @aCN@bPFT@c20070819 |
| 905 | @a213230@dB506@eZW283@f1 | |
| 康德/程志民.-长沙:湖南教育出版社,1999 |
| 322页;20cm |
| ISBN 7-5355-2990-9:¥16.00 |
| ● |
| 相关链接 |
|
|
|
|
正题名:康德
索取号:B506/ZW283
 
预约/预借
| 序号 | 登录号 | 条形码 | 馆藏地/架位号 | 状态 | 备注 |
| 1 | 7600428 | 276004280 | 密集书库-文学院/ [索取号:B506/ZW283] | 在馆 |